| 000 | 00416nam a22001697a 4500 | ||
|---|---|---|---|
| 003 | CEME | ||
| 005 | 20210628205053.0 | ||
| 008 | 210121b xxu||||| |||| 00| 0 eng d | ||
| 040 | _cceme | ||
| 082 | _a070.4 AHU | ||
| 100 |
_aAhuja, B.N _91430 |
||
| 245 | _aTheory and practice of journalism | ||
| 260 |
_aNEW DELHI _bCOSMO PUBLICATIONS _c2007 |
||
| 300 | _a376 P | ||
| 650 |
_aJOURNALISM _9144 |
||
| 942 |
_cBK _2ddc |
||
| 999 |
_c579384 _d579384 |
||